Normal view
MARC view
Entry Topical Term
001 - CONTROL NUMBER
- control field: 26960
003 - CONTROL NUMBER IDENTIFIER
- control field: ARRUPE
005 - DATE AND TIME OF LATEST TRANSACTION
- control field: 20161025095544.0
008 - FIXED-LENGTH DATA ELEMENTS
- fixed length control field: 161025|| aca||aabn | a|a d
040 ## - CATALOGING SOURCE
- Original cataloging agency: ARRUPE
- Transcribing agency: ARRUPE
150 ## - HEADING--TOPICAL TERM
- Topical term or geographic name as entry element: English language
- Form subdivision: Dictionaries
- General subdivision: Portuguese.
670 ## - SOURCE DATA FOUND
- Source citation: Work cat.: (ARRUPE)0: John Whitlam 26959, Collins English-Portuguese, Português-Inglês dictionary /, 2010.